MARC

LEADER 00000cam a2200000 7i4500
001 0000021217
005 20080715.0
008 080714
020 |a 967611166X 
090 0 0 |a 909.0711   |b MUS 
100 0 |a Mustafa Haji Daud 
245 1 0 |a Tamadun dunia STPM   |c Mustafa Haji Daud 
260 |a Kuala Lumpur :   |b Utusan Publications & Distributors ,   |c 2007 
440 |a Siri tamadun sejarah 
650 0 |a Civilization , Islamis   |x Study and teaching   |z Malaysia 
650 0 |a Civilization   |x History   |x Study and teaching (Higher)   |z Malaysia 
650 0 |a World history   |x Study and teaching 
999 |a 0001029710   |b Book   |c Teenagers   |e Perbadanan Perpustakaan Awam Johor